<?xml version="1.0" encoding="UTF-8"?>
<record
    xmlns:xsi="http://www.w3.org/2001/XMLSchema-instance"
    xsi:schemaLocation="http://www.loc.gov/MARC21/slim http://www.loc.gov/standards/marcxml/schema/MARC21slim.xsd"
    xmlns="http://www.loc.gov/MARC21/slim">

  <leader>00729    a2200205   4500</leader>
  <controlfield tag="005">20080826111730.0</controlfield>
  <datafield tag="010" ind1=" " ind2=" ">
    <subfield code="a">ENG-96494</subfield>
  </datafield>
  <datafield tag="020" ind1=" " ind2=" ">
    <subfield code="c">215.00</subfield>
    <subfield code="a">8175262974</subfield>
  </datafield>
  <datafield tag="035" ind1=" " ind2=" ">
    <subfield code="a">EN-80027</subfield>
  </datafield>
  <datafield tag="037" ind1=" " ind2=" ">
    <subfield code="b">DBAD / PUB</subfield>
  </datafield>
  <datafield tag="082" ind1=" " ind2=" ">
    <subfield code="a">394.26 </subfield>
  </datafield>
  <datafield tag="100" ind1=" " ind2=" ">
    <subfield code="a"> Mukundcharandas</subfield>
    <subfield code="9">1048</subfield>
  </datafield>
  <datafield tag="245" ind1=" " ind2=" ">
    <subfield code="a">Hindu festivals</subfield>
    <subfield code="c">by Sadhu Mukundcharandas</subfield>
    <subfield code="b">origin, sentiments &amp; rituals</subfield>
  </datafield>
  <datafield tag="260" ind1=" " ind2=" ">
    <subfield code="a">Amdavad</subfield>
    <subfield code="b">Swaminarayan Aksharpith</subfield>
    <subfield code="c">n.d</subfield>
  </datafield>
  <datafield tag="270" ind1=" " ind2=" ">
    <subfield code="a">Shahibaug,</subfield>
    <subfield code="b">Amdavad - 4.</subfield>
  </datafield>
  <datafield tag="300" ind1=" " ind2=" ">
    <subfield code="a">308p.</subfield>
    <subfield code="c">25cm  (Hb )</subfield>
    <subfield code="e">photos</subfield>
  </datafield>
  <datafield tag="500" ind1=" " ind2=" ">
    <subfield code="a">incldes index</subfield>
  </datafield>
  <datafield tag="942" ind1=" " ind2=" ">
    <subfield code="a">dpl</subfield>
    <subfield code="c">EN</subfield>
    <subfield code="2">ddc</subfield>
    <subfield code="m">MUK</subfield>
    <subfield code="h">394.26 </subfield>
  </datafield>
  <datafield tag="999" ind1=" " ind2=" ">
    <subfield code="c">6143</subfield>
    <subfield code="d">6143</subfield>
  </datafield>
  <datafield tag="952" ind1=" " ind2=" ">
    <subfield code="0">0</subfield>
    <subfield code="1">0</subfield>
    <subfield code="4">0</subfield>
    <subfield code="7">1</subfield>
    <subfield code="a">DBAD</subfield>
    <subfield code="b">DBAD</subfield>
    <subfield code="d">2010-07-23</subfield>
    <subfield code="e">DBAD/PUB</subfield>
    <subfield code="g">215.00</subfield>
    <subfield code="l">0</subfield>
    <subfield code="o">394.26 SAD</subfield>
    <subfield code="p">EN-80027</subfield>
    <subfield code="r">2010-07-23 00:00:00</subfield>
    <subfield code="t">1</subfield>
    <subfield code="v">215.00</subfield>
    <subfield code="y">EN</subfield>
  </datafield>
</record>
